ONLINE PUBLIC ACCESS CATALOG(OPAC)

Indian financial system (Record no. 63832)

MARC details
000 -LEADER
fixed length control field 00357nam a2200145 4500
008 - FIXED-LENGTH DATA ELEMENTS--GENERAL INFORMATION
fixed length control field 250926b |||||||| |||| 00| 0 eng d
020 ## - INTERNATIONAL STANDARD BOOK NUMBER
International Standard Book Number 9789353167301
082 ## - DEWEY DECIMAL CLASSIFICATION NUMBER
Classification number 332.10954 KHA
100 ## - MAIN ENTRY--PERSONAL NAME
Personal name Khan M Y
245 ## - TITLE STATEMENT
Title Indian financial system
250 ## - EDITION STATEMENT
Edition statement 11 edition
260 ## - PUBLICATION, DISTRIBUTION, ETC. (IMPRINT)
Place of publication, distribution, etc Chennai
Name of publisher, distributor, etc McGraw Hill Education
Date of publication, distribution, etc 2020
300 ## - PHYSICAL DESCRIPTION
Extent PV
942 ## - ADDED ENTRY ELEMENTS (KOHA)
Source of classification or shelving scheme Dewey Decimal Classification
Item type Books
Holdings
Withdrawn status Lost status Source of classification or shelving scheme Damaged status Not for loan Collection code Home library Current library Shelving location Date acquired Source of acquisition Cost, normal purchase price Total Checkouts Full call number Barcode Date last seen Koha item type Public note
    Dewey Decimal Classification     Under Graduation School of Commerce & Management Studies School of Commerce & Management Studies School of Commerce and Management Studie 26/09/2025 AO Enterprises 1099.00   332.10954 KHA CM2146 26/09/2025 Reference Rack No. R8 Shelf No.08
    Dewey Decimal Classification     Under Graduation School of Commerce & Management Studies School of Commerce & Management Studies School of Commerce and Management Studie 26/09/2025 AO Enterprises 1099.00   332.10954 KHA CM2147 26/09/2025 Circulation Rack No. C5 Shelf No. 8
    Dewey Decimal Classification     Under Graduation School of Commerce & Management Studies School of Commerce & Management Studies School of Commerce and Management Studie 26/09/2025 AO Enterprises 1099.00   332.10954 KHA CM2148 26/09/2025 Circulation Rack No. C5 Shelf No. 8
    Dewey Decimal Classification     Under Graduation School of Commerce & Management Studies School of Commerce & Management Studies School of Commerce and Management Studie 26/09/2025 AO Enterprises 1099.00   332.10954 KHA CM2149 26/09/2025 Circulation Rack No. C5 Shelf No. 8

Powered by Koha